| 000 -LEADER |
| fixed length control field |
00425nam a2200145Ia 4500 |
| 008 - FIXED-LENGTH DATA ELEMENTS--GENERAL INFORMATION |
| fixed length control field |
200103s 1990 ||||xx |||||||||||||| ||und|| |
| 020 ## - INTERNATIONAL STANDARD BOOK NUMBER |
| International Standard Book Number |
9280112643 |
| 082 ## - DEWEY DECIMAL CLASSIFICATION NUMBER |
| Classification number |
341.756 |
| Item number |
IMO |
| 110 ## - MAIN ENTRY--CORPORATE NAME |
| Corporate name or jurisdiction name as entry element |
International Maritime Organization |
| 245 #0 - TITLE STATEMENT |
| Title |
Index of IMO resolutions : January 1959 to April 1990 |
| 250 ## - EDITION STATEMENT |
| Edition statement |
2nd |
| 260 ## - PUBLICATION, DISTRIBUTION, ETC. (IMPRINT) |
| Name of publisher, distributor, etc |
International Maritime Organization |
| Date of publication, distribution, etc |
1990 |
| Place of publication, distribution, etc |
London |
| 300 ## - PHYSICAL DESCRIPTION |
| Extent |
v, 109p. |
| 942 ## - ADDED ENTRY ELEMENTS (KOHA) |
| Item type |
Books |